| 000 | 00344nam a22001457a 4500 | ||
|---|---|---|---|
| 003 | OSt | ||
| 005 | 20220105095926.0 | ||
| 008 | 220105b |||||||| |||| 00| 0 eng d | ||
| 020 | _a139780321666215 | ||
| 040 | _cHU | ||
| 082 |
_26th _a333.7 |
||
| 100 |
_aTietenberg _913792 |
||
| 245 | _aEnvironmental Economics & Police | ||
| 942 |
_2ddc _cBOOKS _n0 |
||
| 999 |
_c26097 _d26097 |
||